<?xml version="1.0" encoding="UTF-8"?>
<record
    xmlns:xsi="http://www.w3.org/2001/XMLSchema-instance"
    xsi:schemaLocation="http://www.loc.gov/MARC21/slim http://www.loc.gov/standards/marcxml/schema/MARC21slim.xsd"
    xmlns="http://www.loc.gov/MARC21/slim">

  <leader>02416nam a22002057a 4500</leader>
  <controlfield tag="008">140920b    2009mx ||||| |||| 00| 0 spa d</controlfield>
  <datafield tag="020" ind1=" " ind2=" ">
    <subfield code="a">9786070902420</subfield>
  </datafield>
  <datafield tag="050" ind1="1" ind2="4">
    <subfield code="a">KGF7695 A28 2009</subfield>
  </datafield>
  <datafield tag="050" ind1=" " ind2="4">
    <subfield code="a">KGF7695.A28 R63</subfield>
  </datafield>
  <datafield tag="100" ind1="1" ind2=" ">
    <subfield code="a">ROCHA LICEA, Leticia</subfield>
  </datafield>
  <datafield tag="245" ind1="1" ind2="0">
    <subfield code="a">Justicia penal para adolescentes en el Distrito Federal </subfield>
    <subfield code="b">: normatividad local e internacional </subfield>
    <subfield code="c">/ Leticia Rocha Licea</subfield>
  </datafield>
  <datafield tag="260" ind1=" " ind2=" ">
    <subfield code="a">M&#xE9;xico</subfield>
    <subfield code="b">: Porr&#xFA;a</subfield>
    <subfield code="c">, 2009.</subfield>
  </datafield>
  <datafield tag="300" ind1=" " ind2=" ">
    <subfield code="a">742 p&#xE1;ginas</subfield>
  </datafield>
  <datafield tag="500" ind1=" " ind2=" ">
    <subfield code="a">EDUCACI&#xD3;N MIXTA
LIC. MAX DERECHO / SISTEMA DE JUSTICIA PENAL PARA ADOLESCENTES P27 (L-1) / (04 005244)</subfield>
  </datafield>
  <datafield tag="500" ind1=" " ind2=" ">
    <subfield code="a">Diccionario de terminolog&#xED;a </subfield>
  </datafield>
  <datafield tag="505" ind1="2" ind2=" ">
    <subfield code="a">Ley de justicia para adolescentes para el Distrito Federal; normas generales locales  del sistema de justicia para adolescentes; disposiciones constitucionales; estatuto de gobierno del distrito federal; c&#xF3;digo penal para el Distrito Federal; c&#xF3;digo de procedimientos penales  para el Distrito Federal; ley de justicia alternativa del tribunal superior de justicia para el Distrito Federal; disposiciones de la ley federal del trabajo aplicables a la reparaci&#xF3;n del da&#xF1;o; ley de atenci&#xF3;n y apoyo a las v&#xED;ctimas del delito para el Distrito Federal; ley de fondo de apoyo a la procuraci&#xF3;n de justicia en el Distrito Federal; c&#xF3;digo de &#xE9;tica del tribunal superior y del consejo de la judicatura del Distrito Federal;ley org&#xE1;nica  del tribunal superior de justicia del Distrito Federal; ley de transparencia y acceso a la informaci&#xF3;n p&#xFA;blica del Distrito Federal; reglamento de la ley de justicia para adolescentes para el Distrito Federal en materia de ejecuci&#xF3;n de medidas y centros especializados para adolescentes; ley de los y las j&#xF3;venes del Distrito Federal; convenci&#xF3;n americana sobre derechos humanos (pacto de San Jose Costa Rica); reglas m&#xED;nimas de las Naciones Unidas sobre las medidas no privativas de la libertad (reglas de Tokio); declaraci&#xF3;n universal de los derechos humanos; declaraci&#xF3;n de los derechos del ni&#xF1;o; convenci&#xF3;n sobre los derechos del ni&#xF1;o; reglas m&#xED;nimas de las Naciones Unidas para la administraci&#xF3;n de justicia de menores (reglas de Beijing); reglas de las Naciones Unidas para la protecci&#xF3;n de los menores privados de libertad; directrices de las Naciones Unidas para la prevenci&#xF3;n de la delincuencia juvenil (directrices del RIAD).</subfield>
  </datafield>
  <datafield tag="650" ind1="1" ind2="4">
    <subfield code="v">PENAL</subfield>
    <subfield code="x">JUSTICIA</subfield>
  </datafield>
  <datafield tag="650" ind1="1" ind2="4">
    <subfield code="x">ADOLESCENTES</subfield>
    <subfield code="z">DISTRITO FEDERAL</subfield>
  </datafield>
  <datafield tag="942" ind1=" " ind2=" ">
    <subfield code="c">LB</subfield>
  </datafield>
  <datafield tag="952" ind1=" " ind2=" ">
    <subfield code="0">0</subfield>
    <subfield code="1">0</subfield>
    <subfield code="2">lcc</subfield>
    <subfield code="4">0</subfield>
    <subfield code="7">0</subfield>
    <subfield code="a">04</subfield>
    <subfield code="b">04</subfield>
    <subfield code="d">2015-06-11</subfield>
    <subfield code="l">7</subfield>
    <subfield code="m">2</subfield>
    <subfield code="o">KGF7695.A28 R63</subfield>
    <subfield code="p">04 005244</subfield>
    <subfield code="r">2020-01-09</subfield>
    <subfield code="s">2020-01-09</subfield>
    <subfield code="t">1</subfield>
    <subfield code="w">2015-06-11</subfield>
    <subfield code="y">LB</subfield>
  </datafield>
  <datafield tag="999" ind1=" " ind2=" ">
    <subfield code="c">94157</subfield>
    <subfield code="d">94157</subfield>
  </datafield>
</record>
